| 000 | 00875nam a2200253Ia 4500 | ||
|---|---|---|---|
| 003 | GCL | ||
| 008 | 140319s9999 xx 000 0 ara d | ||
| 040 |
_aGCL / _cGCL |
||
| 082 | 0 | 4 |
_a621.3816 _bك ا |
| 100 | 1 | _aسعيد عبدالغفار | |
| 245 | 1 | 0 |
_aالاشعة السينية وتطبيقاتها الهندسية / _cسعيد عبدالغفار |
| 700 | 1 | _aكالتى، ب 0 د | |
| 700 | 1 | _aصلاح عامر (مراجع) | |
| 700 | 1 | _aصبحى محمد على | |
| 260 |
_a[S.N] : _bالهيئة المصرية العامة للكتاب ، _c1985 |
||
| 300 | _a445 ص | ||
| 490 |
_aالعلم للجميع _v0 |
||
| 650 | 0 | 4 | _aالاشعاع |
| 650 | 0 | 4 | _aاشعة اكس |
| 650 | 0 | 4 | _aالاشعاع الكميائى |
| 650 | 0 | 4 | _aعلم البللورات |
| 650 | 0 | 4 | _aالموجات المغناطيسية الكهربائية |
| 942 |
_2ddc _cBK |
||
| 999 |
_c31121 _d31121 |
||